000 00728nam a2200229Ia 4500
005 20250508164048.0
008 008 250505s9999 xx 000 0 eng d
020 _a0-7507-0594-9
037 _aReference
040 _aFEDL
_beng
_cFEDL
041 _aeng
_2eng
084 _a372.1, POL
_qFEDL
100 _aPollard Andrew Ed.
_9279522
245 0 _aChildren and their curriculum: The perpectives of primary and elementary school children
260 _aLondon, UK
_bFalmer Press
_c1997
300 _avii,206p
365 _aGBP
_b22.5
650 _aElementary education - Curriculum
_9775963
700 _a Thiessen Dennis Ed. Filer Ann Ed.
_9777216
942 _cREF
_h372.1, POL
999 _c1386864
_d1386864